000 00733nam a22002532 4500
001 2987
003 UkOxU
005 20211208233644.0
008 131217s1965 enk b 001 0 eng
035 _aOCLC ocm04117071 from D970725M
040 _aDLC
_cIPL
_dUKM
_dEQO
_beng
041 _aeng
082 _a338.10942
100 1 _aBramley, Margaret.
_99518
245 1 0 _aFarming and food supplies :
_bthe case for expansion of British agriculture.
260 _aLondon :
_bAllen & Unwin,
_cc1965
300 _a131 p.
_c21 cm.
504 _aBibliographical footnotes.
650 0 _aAgriculture and state
_zGreat Britain.
_99519
650 0 _aFood supply.
_99203
942 _2ddc
_cBK
999 _c2987
_d2987